| 000 | 00488nam a22001817a 4500 | ||
|---|---|---|---|
| 003 | BUBTL | ||
| 008 | 220127b ||||| |||| 00| 0 eng d | ||
| 082 | _a342.54/ R19s | ||
| 100 |
_94501 _aRau, Ms Rama |
||
| 245 |
_aStudies in Indian Legal & Constitutional History : _bMs Rama Rau |
||
| 250 | _a1st | ||
| 260 |
_aDelhi _bAllahabad Law Agency |
||
| 300 |
_a273p. : _b21cm |
||
| 650 | 0 |
_92102 _aLaw |
|
| 856 |
_k0 _l0 _yDownload |
||
| 942 |
_2ddc _cBK |
||
| 999 |
_c6646 _d6646 |
||